Labour law : (Record no. 27944)
[ view plain ]
| 000 -LEADER | |
|---|---|
| fixed length control field | 01417nam a22003015i 4500 |
| 003 - CONTROL NUMBER IDENTIFIER | |
| control field | EG-ScBUE |
| 005 - DATE AND TIME OF LATEST TRANSACTION | |
| control field | 20200104131815.0 |
| 008 - FIXED-LENGTH DATA ELEMENTS--GENERAL INFORMATION | |
| fixed length control field | 200104s2019 ua f l 000 0 eng d |
| 040 ## - CATALOGING SOURCE | |
| Original cataloging agency | EG-ScBUE |
| Language of cataloging | eng |
| Description conventions | rda |
| Transcribing agency | EG-ScBUE |
| Modifying agency | EG-ScBUE |
| 041 1# - LANGUAGE CODE | |
| Language code of text/sound track or separate title | eng |
| -- | ara |
| Language code of original and/or intermediate translations of text | ara |
| 043 ## - GEOGRAPHIC AREA CODE | |
| Geographic area code | f-ua--- |
| 082 04 - DEWEY DECIMAL CLASSIFICATION NUMBER | |
| Classification number | 344.6201 |
| Item number | LAB |
| Edition number | 22 |
| 110 1# - MAIN ENTRY--CORPORATE NAME | |
| Corporate name or jurisdiction name as entry element | Egypt. |
| 245 10 - TITLE STATEMENT | |
| Title | Labour law : |
| Remainder of title | No. 12/2003 amended by laws Nos. 90/2005 and 180/2008 = قانون العمل : رقم 12 لسنة 2003 معدل بالقوانين بأرقام 90 لسنة 2005 و 180 لسنة 2008 / |
| Statement of responsibility, etc | translated by The Middle East Library for Economic Services. |
| 246 31 - VARYING FORM OF TITLE | |
| Title proper/short title | قانون العمل : |
| Remainder of title | رقم 12 لسنة 2003 معدل بالقوانين بأرقام 90 لسنة 2005 و 180 لسنة 2008 |
| 264 #1 - PUBLICATION, DISTRIBUTION, ETC. (IMPRINT) | |
| Place of publication, distribution, etc | Cairo : |
| Name of publisher, distributor, etc | The Middle East Library for Economic Services, |
| Date of publication, distribution, etc | 2019. |
| 300 ## - PHYSICAL DESCRIPTION | |
| Extent | 1 volume ; |
| Dimensions | 28 cm |
| 336 ## - CONTENT TYPE | |
| Content type term | text |
| Content type code | txt |
| Source | rdacontent |
| 337 ## - MEDIA TYPE | |
| Media type term | unmediated |
| Media type code | n |
| Source | rdamedia |
| 338 ## - CARRIER TYPE | |
| Carrier type term | volume |
| Carrier type code | nc |
| Source | rdacarrier |
| 500 ## - GENERAL NOTE | |
| General note | "Code 295D"-- title page. |
| 546 ## - LANGUAGE NOTE | |
| Language note | Text in English and Arabic; translated from original Arabic. |
| 650 #7 - SUBJECT ADDED ENTRY--TOPICAL TERM | |
| Topical term or geographic name as entry element | العمل والعمال |
| General subdivision | قوانين وتشريعات |
| Geographic subdivision | مصر. |
| Source of heading or term | BUEsh |
| 9 (RLIN) | 10938 |
| 650 #7 - SUBJECT ADDED ENTRY--TOPICAL TERM | |
| Topical term or geographic name as entry element | عقود العمل |
| General subdivision | قوانين وتشريعات |
| Geographic subdivision | مصر. |
| Source of heading or term | BUEsh |
| 9 (RLIN) | 40965 |
| 653 ## - INDEX TERM--UNCONTROLLED | |
| Resource For college | Law |
| Arrived date list | January2020 |
| 710 2# - ADDED ENTRY--CORPORATE NAME | |
| Corporate name or jurisdiction name as entry element | The Middle East Library for Economic Services, |
| Relator term | translator. |
| 942 ## - ADDED ENTRY ELEMENTS (KOHA) | |
| Source of classification or shelving scheme | Dewey Decimal Classification |
| Koha item type | Book - Borrowing |
| Withdrawn status | Lost status | Source of classification or shelving scheme | Damaged status | Not for loan | Collection code | Home library | Current library | Shelving location | Date acquired | Source of acquisition | Total Checkouts | Full call number | Barcode | Date last seen | Price effective from | Koha item type | Total Renewals | Date checked out | Checked out |
|---|---|---|---|---|---|---|---|---|---|---|---|---|---|---|---|---|---|---|---|
| Dewey Decimal Classification | Donation-Gift | Central Library | Central Library | First floor | 04/01/2020 | Donation | 344.6201 LAB | 000048466 | 15/07/2025 | 04/01/2020 | NB - Book (Non borrowing) | ||||||||
| Dewey Decimal Classification | Donation-Gift | Central Library | Central Library | First floor | 04/01/2020 | Donation | 344.6201 LAB | 000048467 | 15/07/2025 | 04/01/2020 | NB - Book (Non borrowing) | ||||||||
| Dewey Decimal Classification | Donation-Gift | Central Library | Central Library | First floor | 04/01/2020 | Donation | 344.6201 LAB | 000048468 | 15/07/2025 | 04/01/2020 | NB - Book (Non borrowing) | ||||||||
| Dewey Decimal Classification | Donation-Gift | Central Library | Central Library | First floor | 04/01/2020 | Donation | 344.6201 LAB | 000048469 | 15/07/2025 | 04/01/2020 | NB - Book (Non borrowing) | ||||||||
| Dewey Decimal Classification | Donation-Gift | Central Library | Central Library | First floor | 04/01/2020 | Donation | 344.6201 LAB | 000048470 | 15/07/2025 | 04/01/2020 | NB - Book (Non borrowing) | ||||||||
| Dewey Decimal Classification | Donation-Gift | Central Library | Central Library | First floor | 04/01/2020 | Donation | 3 | 344.6201 LAB | 000048471 | 23/11/2025 | 04/01/2020 | Book - Borrowing | 19 | 22/10/2025 | |||||
| Dewey Decimal Classification | Donation-Gift | Central Library | Central Library | First floor | 04/01/2020 | Donation | 344.6201 LAB | 000048472 | 15/07/2025 | 04/01/2020 | Book - Borrowing | ||||||||
| Dewey Decimal Classification | Donation-Gift | Central Library | Central Library | First floor | 04/01/2020 | Donation | 344.6201 LAB | 000048473 | 15/07/2025 | 04/01/2020 | Book - Borrowing | ||||||||
| Dewey Decimal Classification | Donation-Gift | Central Library | Central Library | First floor | 04/01/2020 | Donation | 1 | 344.6201 LAB | 000048474 | 22/11/2023 | 04/01/2020 | Book - Borrowing | 22/11/2023 | 29/11/2023 | |||||
| Dewey Decimal Classification | Donation-Gift | Central Library | Central Library | First floor | 04/01/2020 | Donation | 1 | 344.6201 LAB | 000048475 | 15/07/2025 | 04/01/2020 | Book - Borrowing | 6 | 08/11/2022 |